[Event "POL-chT3 Wielkopolskie 1516"]
[Site "Poland"]
[Date "2016.01.17"]
[Round "2.31"]
[White "Swiatek, Bartosz"]
[Black "Ziabek, Patryk"]
[Result "1-0"]
[WhiteElo "2041"]
[BlackElo "2063"]
[PlyCount "83"]
[EventDate "2016.01.10"]
[EventType "team-tourn"]
[EventRounds "11"]
[EventCountry "POL"]
[SourceTitle "EXT 2019"]
[Source "ChessBase"]
[SourceDate "2018.10.10"]
[SourceVersion "1"]
[SourceVersionDate "2018.10.10"]
[SourceQuality "1"]

1. e4 Nf6 2. e5 Nd5 3. d4 d6 4. c4 Nb6 5. exd6 cxd6 6. Nc3 g6 7. Be3 Bg7 8. Rc1 0-0 9. b3 Nc6 10. d5 Ne5 11. Be2 Bf5 12. Nf3 Ng4 13. Bd4 Bh6 14. h3 Nf6 15. Ra1 Bg7 16. 0-0 h5 17. Re1 Rc8 18. Bd3 Bxd3 19. Qxd3 Re8 20. Ng5 a6 21. f4 Nh7 22. Nce4 Bxd4+ 23. Qxd4 Nxg5 24. Nxg5 Nd7 25. Qd3 Nc5 26. Qc2 b5 27. g4 bxc4 28. bxc4 hxg4 29. hxg4 Kg7 30. Kg2 Qd7 31. Qc3+ f6 32. Kg3 Rh8 33. Ne6+ Nxe6 34. Rxe6 Kf7 35. Rae1 Rhe8 36. g5 fxg5 37. fxg5 Rf8 38. Rf1+ Ke8 39. Rxf8+ Kxf8 40. Qh8+ Kf7 41. Qh7+ Kf8 42. Rxg6 1-0

[Event "POL-chT3 Wielkopolskie 1415"]
[Site "Poland"]
[Date "2015.01.18"]
[Round "4.19"]
[White "Ziabek, Patryk"]
[Black "Zakrzewski, Marek"]
[Result "0-1"]
[WhiteElo "1936"]
[BlackElo "2152"]
[PlyCount "50"]
[EventDate "2014.11.30"]
[EventType "team-tourn"]
[EventRounds "11"]
[EventCountry "POL"]
[SourceTitle "EXT 2019"]
[Source "ChessBase"]
[SourceDate "2018.10.10"]
[SourceVersion "1"]
[SourceVersionDate "2018.10.10"]
[SourceQuality "1"]

1. e4 c5 2. Nf3 e6 3. d4 cxd4 4. Nxd4 Nc6 5. Nb5 d6 6. c4 Nf6 7. N1c3 a6 8. Nd4 Be7 9. Be2 0-0 10. 0-0 Bd7 11. Be3 Rc8 12. f4 Na5 13. e5 Ne8 14. Bd3 Nxc4 15. Bxh7+ Kxh7 16. Qh5+ Kg8 17. Rf3 f5 18. Rh3 Nxe3 19. Qh7+ Kf7 20. Nxe6 Bxe6 21. Rh6 Nf6 22. exf6 Bxf6 23. Re1 Qb6 24. Kh1 Rh8 25. Qg6+ Kg8 0-1

[Event "POL-chT U19 2nd League"]
[Site "Szczyrk"]
[Date "2014.07.29"]
[Round "7.13"]
[White "Ziabek, Patryk"]
[Black "Tomaszewski, Kacper"]
[Result "0-1"]
[WhiteElo "1896"]
[BlackElo "2012"]
[PlyCount "66"]
[EventDate "2014.07.25"]
[EventType "team-swiss"]
[EventRounds "11"]
[EventCountry "POL"]
[SourceTitle "EXT 2015"]
[Source "ChessBase"]
[SourceDate "2014.11.20"]
[SourceVersion "1"]
[SourceVersionDate "2014.11.20"]
[SourceQuality "1"]
[WhiteTeam "Kalisz KTS U19"]
[BlackTeam "Rydultowy Ognisko U19"]
[WhiteTeamCountry "POL"]
[BlackTeamCountry "POL"]

1. e4 c6 2. d4 d5 3. Nc3 dxe4 4. Nxe4 Bf5 5. Ng3 Bg6 6. h4 h6 7. Nf3 Nd7 8. h5 Bh7 9. Bd3 Bxd3 10. Qxd3 e6 11. Bd2 Ngf6 12. 0-0-0 Be7 13. Qe2 c5 14. dxc5 Qc7 15. Bc3 0-0 16. Ne5 Nxc5 17. f4 Rad8 18. Kb1 Rxd1+ 19. Rxd1 Rd8 20. Rf1 Na4 21. Rf3 Qb6 22. Nc4 Nxc3+ 23. Rxc3 Qg1+ 24. Nf1 Qf2 25. Ng3 Qg1+ 26. Nf1 Qxg2 27. Qe1 Bb4 28. Nce3 Bxc3 29. bxc3 Qf3 30. f5 exf5 31. Nd2 Qf4 32. Ndc4 b5 33. Nb2 Re8 0-1

[Event "POL-chT U19 3rd League Wielkopolska"]
[Site "Kalisz"]
[Date "2013.02.16"]
[Round "7.25"]
[White "Hoffmann, Kacper"]
[Black "Ziabek, Patryk"]
[Result "0-1"]
[WhiteElo "1598"]
[BlackElo "1773"]
[PlyCount "130"]
[EventDate "2013.02.09"]
[EventType "team-tourn"]
[EventRounds "9"]
[EventCountry "POL"]
[SourceTitle "EXT 2019"]
[Source "ChessBase"]
[SourceDate "2018.10.10"]
[SourceVersion "1"]
[SourceVersionDate "2018.10.10"]
[SourceQuality "1"]
[WhiteTeam "Srem LKS Piast U19"]
[BlackTeam "Kalisz KTS U19 II"]
[WhiteTeamCountry "POL"]
[BlackTeamCountry "POL"]

1. Nc3 c5 2. d4 cxd4 3. Qxd4 Nc6 4. Qh4 d5 5. e4 dxe4 6. Nxe4 Bf5 7. Bd3 e6 8. Qxd8+ Rxd8 9. a3 Rd4 10. f3 a6 11. Be3 Rd7 12. 0-0-0 Ne5 13. Ne2 Nxd3+ 14. Rxd3 Rxd3 15. cxd3 Ne7 16. Nd6+ Kd7 17. Nxb7 Nd5 18. Kd2 Nxe3 19. Kxe3 Be7 20. Na5 Rb8 21. b4 Bf6 22. Nc4 Rd8 23. Ng3 Bg6 24. Ne4 Kc7 25. Rd1 Bd4+ 26. Ke2 f6 27. Nc5 Bxc5 28. bxc5 Rd5 29. d4 e5 30. dxe5 Rxc5 31. Rd4 fxe5 32. Rg4 e4 33. Nd2 Rc3 34. Nxe4 Rxa3 35. Nc5 Kd6 36. Ra4 Rxa4 37. Nxa4 a5 38. Kd2 Kd5 39. Kc3 Be8 40. Nb2 Bb5 41. Kb3 Kd4 42. Kc2 Bf1 43. g3 Ke3 44. f4 Kf3 45. Kd2 Kg2 46. Ke1 Bb5 47. g4 Kf3 48. h3 Kxf4 49. Kf2 a4 50. Nxa4 Bxa4 51. Kg2 Bc6+ 52. Kf2 Bf3 53. g5 g6 54. h4 Kg4 55. Ke3 Kxh4 56. Kxf3 Kxg5 57. Kg2 Kg4 58. Kh2 h5 59. Kh1 Kg3 60. Kg1 g5 61. Kh1 Kf2 62. Kh2 g4 63. Kh1 h4 64. Kh2 g3+ 65. Kh1 g2+ 0-1